Statistics for 11 Elements in Latin

Click here to take the quiz!

General Stats

  • This quiz has been taken 78 times
  • The average score is 7 of 11

Answer Stats

English NameLatin Name% Correct
AuGoldAurum
90%
FeIronFerrum
90%
AgSilverArgentum
80%
NaSodiumNatrium
75%
PbLeadPlumbum
75%
CuCopperCuprum
70%
KPotassiumKalium
65%
WTungstenWolfram
63%
SnTinStannum
43%
SbAntimonyStibium
35%
HgMercuryHydrargyrum
28%

Score Distribution

Percentile by Number Answered

Percent of People with Each Score

Your Score History

You have not taken this quiz